El niño con el pijama de rayas /

Guardado en:
Autor Principal: Boyne, John
Otros Autores: Rovira Ortega, Gemma, trad.
Formato: Libro
Publicado: Barcelona : Salamandra, 2008
Materias:
Etiquetas: Agregar Etiqueta
Sin Etiquetas, Sea el primero en etiquetar este registro!
LEADER 00923nam a22002655a 4500
001 CEM.cems013354
008 130507s2008##################000#0#####d
005 20250428203625.0
245 1 0 |a El niño con el pijama de rayas /  |c John Boyne ; traducción Del Inglés de Gemma Rovira Ortega 
260 |a Barcelona :  |b Salamandra,  |c 2008 
300 |a 219 p. 
590 |a 1114.013 
020 |a 9788498380798 
100 1 |a Boyne, John 
700 1 |a Rovira Ortega, Gemma, trad. 
082 0 4 |a 891.623 
653 |a Literatura 
653 |a Literatura irlandesa 
653 |a Novelas 
653 |a Novela irlandesa 
653 |a Biblioteca TC 
859 |a CEMS  |b BIB. CEMS - 11 de abril  |h 891.623  |i B711  |p 25860.10  |t Ej.1  |v TC 
859 |a CEMS  |b BIB. CEMS - 11 de abril  |h 891.623  |i B711  |p 27115.15  |t Ej.2  |v TC 
859 |a CEMS  |b BIB. CEMS - 11 de abril  |h 891.623  |i B711  |p 29845.25  |t Ej.3 
859 |a CEMS  |b BIB. CEMS - 11 de abril  |h TC  |p 1114.013  |t Ej.4